Recherche et Littérature Canadienne-Francaise
Guardado en:
| Hovedforfatter: | |
|---|---|
| Format: | Bog |
| Sprog: | French |
| Udgivet: |
Ottawa, Canadá
Editionsde L´université d´Ottawa
1969
|
| Fag: | |
| Tags: |
Tilføj Tag
Ingen Tags, Vær først til at tagge denne postø!
|
MARC
| LEADER | 00000nam a2200000Ia 4500 | ||
|---|---|---|---|
| 008 | 170316s9999 xx 000 0 fre d | ||
| 040 | |a cru BVZT | ||
| 090 | |a 818 W-12r | ||
| 100 | |a Wyczynski, Paul /et.al./ | ||
| 245 | |a Recherche et Littérature Canadienne-Francaise | ||
| 260 | |a Ottawa, Canadá | ||
| 260 | |b Editionsde L´université d´Ottawa | ||
| 260 | |c 1969 | ||
| 300 | |a 297 páginas | ||
| 650 | |a LITERATURA CANADIENSE | ||
| 999 | |c 6679 |d 6679 | ||
| 942 | |c 15 D |h 818 W-12r |2 z | ||
